00755nam a2200193Ia 4500008004100000020001800041050003100059100001800090245009700108260003600205300004000241440003000281504005400311520002200365650003100387650008400418650002800502650003100530150610s9999 xx 000 0 und d a9780439064873 aPR6068b.O93 H37 v.2    aRowling, J.K. aHarry Potter and the chamber of secrets /cby J.K. Rowling ; illustrations by Mary GrandPre. aNew York : bScholastic,c1999. a341pages :billustrations ;c20 cm. aHarry Potter ; bk. 2vv.2 aSequel to: Harry Potter and the sorcerer's stone. aJuvenile fiction. aEnglandbJuvenile fiction. aHogwarts school of witchcraft and wizardry (Imaginary place)xJuvenile fiction. aMagicxJuvenile fiction aSchoolsbJuvenile fiction.